书目信息 |
| 题名: |
社会主义市场经济应用读本
|
|
| 作者: | 苏根群 主编 ;中共河北省委宣传部组织 编写 | |
| 分册: | ||
| 出版信息: | 唐山 中共唐山市委宣传部 1993 |
|
| 页数: | 187页 | |
| 开本: | 19cm | |
| 丛书名: | ||
| 单 册: | ||
| 中图分类: | F045.5 | |
| 科图分类: | 27.2765 | |
| 主题词: | 市场经济∶社会主义经济--干部教育--教材 , 社会主义经济∶市场经济--干部教育--教材 | |
| 电子资源: | ||
| ISBN: | ||
| 000 | 00821nam0 2200241 45 | |
| 001 | 0193038664 | |
| 005 | 20070804173503.67 | |
| 010 | @d[不详] | |
| 100 | @a19930914d1993 em y0chiy0121 ea | |
| 101 | 0 | @achi |
| 102 | @aCN | |
| 105 | @ay z 000yy | |
| 200 | 10 | @a社会主义市场经济应用读本@ASHE HUI ZHU YI SHI CHANG JING JI YING YONG DU BEN@f苏根群主编@Fsu gen qun zhu bian@g中共河北省委宣传部组织编写 |
| 210 | @a唐山@c中共唐山市委宣传部@d1993 | |
| 215 | @a187页@d19cm | |
| 606 | @a市场经济∶社会主义经济@x干部教育@x教材 | |
| 606 | @a社会主义经济∶市场经济@x干部教育@x教材 | |
| 690 | @aF045.5@v三版 | |
| 692 | @a27.2765 | |
| 701 | 0 | @a苏根群@Asu gen qun@4主编 |
| 712 | 02 | @a中共河北省委宣传部组织@AZHONG GONG HE BEI SHENG WEI XUAN CHUAN BU ZU ZHI@4编写 |
| 801 | 0 | @aCN@bTSSF@c20070804 |
| 905 | @a10447@dF045.5@e119 | |
| 社会主义市场经济应用读本/苏根群主编/中共河北省委宣传部组织编写.-唐山:中共唐山市委宣传部,1993 |
| 187页;19cm |
| ISBN :[不详] |
| ● |
| 相关链接 |
|
|
|
|
正题名:社会主义市场经济应用读本
索取号:F045.5/119
 
预约/预借
| 序号 | 登录号 | 条形码 | 馆藏地/架位号 | 状态 | 备注 |
| 1 | 0784503 | 207845037 | 密集书库/ [索取号:F045.5/119] | 在馆 | |
| 2 | 0791304 | 207913043 | 第一样本阅览室/ [索取号:F045.5/119] | 在馆 |